000 00517nam a2200169Ia 4500
008 130821s1940 ag gr spa
040 _aCo-BoUCM
_bspa
041 0 0 _aspa
100 _aCatalina y Del Amo, Severo
_9156453
245 0 3 _aLa mujer
_cSevero Catalina y del Amo
260 _aBuenos Aires (Argentina)
_bTor
_c1940
300 _a160 páginas
650 0 4 _aLiteratura española
_97793
650 0 4 _aNovela española
_920500
942 _cLIBRO
_a18
_e1
_mC17
_2DEWEY
_h860
999 _c20039
_d20039